CSK Mythology Week One - Statistics

General Stats
  • This quiz has been taken 5 times
  • The average score is 13 of 64
Answer Stats
Hint Answer % Correct
Hera Juno
75%
Zeus Jupiter, Jove
75%
Poseidon Neptune
75%
Apollo Apollo
50%
Dionysus Bacchus
50%
Horse body with human torso Centaur
50%
Three headed guard dog of underworld Cerberus
50%
Demeter Ceres
50%
Part lion, goat, and snake Chimera
50%
One-eyed giant Cyclops
50%
Artemis Diana
50%
Mother of most monsters; half nymph, half snake Echidna
50%
Two heads grow for each one cut Hydra
50%
Ares Mars
50%
Hermes Mercury
50%
Athena Minerva
50%
Persephone Proserpina
50%
Part goat, part man Satyr
50%
Six-headed monster Scylla
50%
Human head, lion body; told a riddle Sphinx
50%
Aphrodite Venus
50%
Hestia Vesta
50%
Hephaestus Vulcan
50%
Whirlpool-like monster Charybdis
25%
Hades Pluto, Dis
25%
Gorgons Stheno, Euryale, Medusa
25%
Duty Agriculture
0%
Furies (Erinyes) Alecto, Megara, Tisiphone
0%
Cyclopes Arges, Brontes, Steropes
0%
Symbol Bident, helmet of invisibility
0%
Duty Blacksmith
0%
Symbol Bow/arrow, moon
0%
Symbol Caduceus, winged sandals
0%
Muses Calliope (epic poetry), Clio (history), Erato (love poetry), Euterpe (music), Melpomene (tragedy), Polyhymnia (sacred music), Terpsichore (dance), Thalia (comedy), Urania (astronomy)
0%
Fates Clotho(spinner), Atropos(cutter), Lachesis(measurer)
0%
Seasons (Horae) Dike, Eirene, Eunomia
0%
Symbol Dove, rose
0%
Symbol Forge, anvil
0%
Symbol Grape leaves, thyrsus (stick with pinecone on top)
0%
Symbol Hearth, fire
0%
Duty Home fire, hearth
0%
Duty Hunting, moon
0%
Duty King, weather
0%
Duty Love and beauty
0%
Duty Messengers, laughter, thieves
0%
2 headed dog Orthus
0%
Symbol Owl, olive, helmet
0%
Symbol Peacock, cow
0%
Symbol Pomegranate
0%
Duty Queen, marriage
0%
Duty Queen of underworld
0%
Duty Sea, earthquakes, horses
0%
Symbol Spear, dog, vulture
0%
Symbol Stalk of wheat
0%
Underworld Rivers Styx (hate, oaths), Cocytus (wailing), Lethe (forgetfulness), Acheron (woe), Phlegethon (fire)
0%
Symbol Sun, oracle at Delphi, lyre
0%
Duty Sun, prophecy, medicine, music
0%
Graces (Charites) Thalia, Aglaea, Euphrosyne; or Pasithea(Iliad)
0%
Symbol Thunderbolt, eagle
0%
Symbol Trident, horse
0%
Duty Underworld, wealth
0%
Duty War
0%
Duty Wine, life-giving fluids
0%
Duty Wisdom, war, handicrafts
0%
No matching quizzes found
Score Distribution
Percent of People with Each Score
Percentile by Number Answered
Your Score History
You have not taken this quiz